Who gets the money? : A study in the economics of scarcity and plenty /

Bibliographic Details
Main Author: Rautenstrauch, Walter, 1880-1951
Format: Book
Language:English
Published: New York, London : Harper & brothers, 1939.
Edition:Rev. ed.
Subjects:

MARC

Tag First Indicator Second Indicator Subfields
LEADER 00000cam a2200000 4500
001 in00000064357
005 20151008051804.0
008 751107s1939 nyue 00010 eng
010 |a  39020971  
035 |a (OCoLC)01817310 
035 |9 AAG9986AM 
040 |a DLC  |c JPL  |d OCL  |d TXA  |d UtOrBLW 
049 |a TXAM  |c 1 [83575] 
050 0 0 |a HB771  |b .R325 1939 
082 0 |a 330.1 
092 |a 330.1  |b R249w, Rev. ed. 
100 1 |a Rautenstrauch, Walter,  |d 1880-1951. 
245 1 0 |a Who gets the money? :  |b A study in the economics of scarcity and plenty /  |c by Walter Rautenstrauch ... 
250 |a Rev. ed. 
264 1 |a New York,  |a London :  |b Harper & brothers,  |c 1939. 
300 |a xiii, pages 1 leaf, 122 pages :  |b diagrams ;  |c 20 1/2 cm. 
336 |a text  |b txt  |2 rdacontent 
337 |a unmediated  |b n  |2 rdamedia 
338 |a volume  |b nc  |2 rdacarrier 
500 |a "First edition." 
650 0 |a Income. 
651 0 |a United States  |x Economic conditions  |y 1918-1945. 
740 0 |a How the people's income is distributed. 
999 |a MARS 
999 f f |s 657814d6-15d9-3561-9569-d5f28d70c507  |i b086d246-ea63-352e-80dc-fc0477e8faa4  |t 0 
952 f f |p ric  |a Texas A&M University  |b Rellis Campus  |c Joint Library Facility  |d Remote Storage  |t 0  |e HB771 .R325 1939  |h Library of Congress classification  |i unmediated -- volume  |m A14800691808 
998 f f |a HB771 .R325 1939  |t 0  |l Remote Storage